Un nuevo concepto de la dirección administrativa (Registro nro. 2192)
[ vista simple ]
| 000 -LEADER | |
|---|---|
| fixed length control field | 01396 a2200217 4500 |
| 001 - CONTROL NUMBER | |
| control field | 31564 |
| 005 - DATE AND TIME OF LATEST TRANSACTION | |
| control field | 20260407155620.0 |
| 008 - FIXED-LENGTH DATA ELEMENTS--GENERAL INFORMATION | |
| fixed length control field | 260407a1966 arg spa d |
| 003 - CONTROL NUMBER IDENTIFIER | |
| control field | AR-UNSa-BCEJYS |
| 040 ## - CATALOGING SOURCE | |
| Original cataloging agency | AR-UNSa-BCEJYS |
| Language of cataloging | spa |
| Transcribing agency | AR-UNSa-BCEJYS |
| 080 ## - UNIVERSAL DECIMAL CLASSIFICATION NUMBER | |
| Universal Decimal Classification number | 658 |
| Common auxiliary subdivision | Administración de empresas. Organización comercial |
| 100 1# - MAIN ENTRY--PERSONAL NAME | |
| Personal name | American Mangement Association |
| 245 10 - TITLE STATEMENT | |
| Title | Un nuevo concepto de la dirección administrativa |
| 250 ## - EDITION STATEMENT | |
| Edition statement | 2a. ed |
| 264 #1 - PRODUCTION, PUBLICATION, DISTRIBUTION, MANUFACTURE, AND COPYRIGHT NOTICE | |
| Place of production, publication, distribution, manufacture | Bilbao : |
| Name of producer, publisher, distributor, manufacturer | Ediciones Deusto |
| Date of production, publication, distribution, manufacture, or copyright notice | 1966 |
| 300 ## - PHYSICAL DESCRIPTION | |
| Extent | 144 p. |
| Dimensions | 25 cm. |
| 505 ## - FORMATTED CONTENTS NOTE | |
| Formatted contents note | 1. Introducción - 2. Dirección administrativa centralizada: Necesidad, esperanza y lucha - 3. La necesidad de una dirección administtrativa de oficina y empleados - 4. Consejos para poner en práctica el nuevo concepto de dirección administrativa - 5. Perfil de organizacion de un director administrativo - 6. Organización de los servicios administrativos en la Bell Telephone - 7. Servicios de gestión en Westinghouse Electric Corporation - 8. Nuevo punto de vista sobre dirección administrativa - 9. La dirección administrativa en la división de de tratamiento de datos en IBM - 10. La dirección administrativa en Veterans Administration - 11. Cómo mejorar la administración: Diez lecciones sencillas de un especialista en sistemas |
| 590 ## - LOCAL NOTE (RLIN) | |
| Local note | niveau_biblio:m niveau_hierar:0 |
| 700 1# - ADDED ENTRY--PERSONAL NAME | |
| Personal name | Zarca Stuyck, José Ignacio |
| 942 ## - ADDED ENTRY ELEMENTS (KOHA) | |
| Koha item type | |
| Withdrawn status | Lost status | Damaged status | Not for loan | Home library | Current library | Shelving location | Date acquired | Total checkouts | Full call number | Barcode | Date last seen | Price effective from | Koha item type |
|---|---|---|---|---|---|---|---|---|---|---|---|---|---|
| Biblioteca Prof. Eusebio Cleto del Rey | Biblioteca Prof. Eusebio Cleto del Rey | 07/04/2026 | 658.012.4 A512 2ed. | L25883 | 07/04/2026 | 07/04/2026 | Libro | ||||||
| Biblioteca Prof. Eusebio Cleto del Rey | Biblioteca Prof. Eusebio Cleto del Rey | 07/04/2026 | 658.012.4 A512 2ed. | L25882 | 07/04/2026 | 07/04/2026 | Libro |